Отчет командования Украинского фронта об итогах выполнения операции по освобождению Западной Украины

RUSMARC
00003935cbm0a2200277#x 450
001cf8eeb8b-35cc-4f17-8c08-2a3e70df85cd
00520210804142228.0
100##$a20210728j19391023k###0rusy50 ca
1010#$arus
102##$aRU
1220#$ad19391023##
2001#$aОтчет командования Украинского фронта об итогах выполнения операции по освобождению Западной Украины
$jНе позднее 23 октября 1939 г.
251##$cДокумент
300##$aПодлинник
461#0$12001
$aФ. 37977
$1251
$cФонд
$1852
$j37977
462#0$12001
$aОп. 1
$1251
$cОпись
$1852
$j1
462#0$12001
$aД. 187
$vЛ. 85-121
$1251
$cДело
$1852
$j187
605##$2prlib_sh
$3LIBNET\UAF\0000088514
$aВторая мировая война в архивных документах (Комплекс оцифрованных архивных документов, кино- и фотоматериалов)
$lколлекция
617##$2prlib_sh
$aСССР
$f1939
617##$2prlib_sh
$aУкраина
$f1939
686##$a63.3(2)621ю1
$vLBC/M
$2rubbk
801#0$aRU
$bПБ им. Б.Н. Ельцина
$c20210728
801#1$aRU
$bПБ им. Б.Н. Ельцина
$c20210728
$2rusmarc
801#2$aRU
$bПБ им. Б.Н. Ельцина
$c20210804
$2rusmarc
850##$aРоссийский государственный военный архив
852##$aРГВА
$jЛ. 85-121
035##$aLIBNET\0001171339
937##$d166917654
$hФедеральное архивное агентство
8564#$uhttp://readingroom.main.prlib.ru/item.aspx?id_node=n166917654&mode=full
Формат отображения